Responses for show #2121 - Monday, November 22, 1993

1993 Tournament of Champions semifinal game 1.

Contestants

Tom Nosek, an aerospace engineer from Torrance, California

Phoebe Juel, a College Tournament winner from Sylva, North Carolina

Dennis Donohue, an administrative services officer from Litchfield Park, Arizona

Jeopardy! Round responses

1901
FAMOUS UNDERSTUDIES
TRANSPORTATION
COUNTRIES OF THE WORLD
LAW & ORDER
CROSSWORD CLUES "P"
    $100 11
The Wright Brothers

Phoebe
    $100 17
Hello, Dolly!

Dennis
    $100 10
Detroit

Phoebe
    $100 1
Denmark

Dennis
    $100 20
"Pretty Boy"

Phoebe
    $100 16
Pains

Tom
    $200 12
Nobel Prizes

Phoebe
    $200 18
Funny Girl

Dennis
    $200 9
Alan Shepard

Dennis
    $200 2
Italy

Tom
    $200 21
Divorce

Phoebe
    $200 27
Pillow

Phoebe
    $300 13
(T: What is Oklahoma?)

Texas

PhoebeTom
    $300 19
Camelot

Tom
    $300 8
The Constitution

Phoebe
    $300 3
Kenya

Phoebe
    $300 22
David Koresh

Tom
    $300 28
Parade

Phoebe
    $400 14
Connie Mack

Phoebe
    $400 25
Picnic

Triple Stumper
    $400 7
(D: What is a carriage?)
(P: What is a train?)

Bicycle

DennisPhoebe
Triple Stumper
    $400 4
Morocco

Tom
    $400 23
"Ivan the Terrible"

Phoebe
    $400 29
Primary

Dennis
    $500 15
U.S. Steel

Dennis
    $500 26
Grease

Dennis
    $500 6
Coach

Triple Stumper
    $600 5
(T: What is Venezuela?)

Ecuador

Tom
    $500 24
"Chicago Seven"

Phoebe
    $500 30
Pedigree

Dennis

Scores at the first commercial break (after clue 15):

Dennis Phoebe Tom
$400 $1,300 -$300

Scores at the end of the Jeopardy! Round:

Dennis Phoebe Tom
$2,100 $3,000 $400

Double Jeopardy! Round responses

VICE PRESIDENTS
ADVICE COLUMNISTS
AMERICAN LITERATURE
NUTRITION
ROYALTY
VIOLINISTS
    $200 5
Al Gore

Dennis
    $200 11
Abigail Van Buren

Dennis
    $200 6
Catcher in the Rye

Tom
    $200 23
Rice

Phoebe
    $200 20
The Louvre

Phoebe
    $200 26
Jack Benny

Tom
    $400 4
Aaron Burr

Dennis
    $400 12
Heloise

Phoebe
    $400 7
Pequod

Phoebe
    $400 25
Calcium

Tom
    $400 19
Poland

Tom
    $400 27
(D: Who is Don Giovanni?)
(T: Who is Don Juan?)

Casanova

DennisPhoebeTom
    $600 3
Walter Mondale

Dennis
    $600 13
(P: Who is Ann Landers?)

Roseanne Arnold

DennisPhoebe
    $600 8
John Steinbeck

Tom
    $600 21
(T: What is salt?)
(D: What is cholesterol?)
(P: What is fat?)

Sodium

DennisPhoebeTom
Triple Stumper
    $600 18
Baudouin I

Tom
    $600 28
Thomas Jefferson

Phoebe
    $800 2
Charles Fairbanks

Tom
    $800 14
Bridge

Dennis
    $800 9
Carl Sandburg

Phoebe
    $800 22
Lactose

Dennis
    $800 17
(D: Who is George VI?)

George V

DennisTom
    $800 29
(Tom: Who is Pickerman?)

Itzhak Perlman

PhoebeTom
    $1000 1
Hannibal Hamlin

Tom
    $1000 15
Wall Street

Tom
    $2,000 10
(P: Who is Thurber?)

Ernest Hemingway

Phoebe
    $1000 24
Iron

Tom
    $3,000 16
Wilhelmina

Tom
    $1000 30
(D: Who is Zuckerman?)

Isaac Stern

Dennis
Triple Stumper

Scores at the end of the Double Jeopardy! Round:

Dennis Phoebe Tom
$2,900 $3,600 $8,600
(lock game)

[wagering suggestions for these scores]

Final Jeopardy! Round responses

MONEY
(Alex: One of you is going to earn a lot of it, maybe!)
DennisWho was Susan B. Anthony?
$2,900
PhoebeWho was Mamie Eisenhower?
$3,600
TomWho was Susan B. Anthony?
$0
Mamie Eisenhower

Final scores:

Dennis Phoebe Tom
$0 $7,200 $8,600
3rd place: $5,000 2nd place: $5,000 Finalist

Game dynamics:

Coryat scores:

Dennis Phoebe Tom
$2,900 $5,600 $7,200
15 R,
5 W
21 R,
4 W
(including 1 DD)
17 R
(including 1 DD),
5 W
(including 1 DD)

Combined Coryat: $15,700

The J! Archive is created by fans, for fans. The Jeopardy! game show and all elements thereof, including but not limited to copyright and trademark thereto, are the property of Jeopardy Productions, Inc. and are protected under law. This website is not affiliated with, sponsored by, or operated by Jeopardy Productions, Inc. Join the discussion at JBoard.tv.